000 00486nam a2200181 a 4500
001 18142
005 20180713211401.0
008 140415s1972 000 0 spa d
041 _aspa
082 _a573.2
_bLAS
100 1 _aLASKER, GABRIEL W.
245 1 3 _aLA EVOLUCION HUMANA
260 _a[s.l.] :
_bFCE,
_c1972
300 _a149
490 _aBREVIARIOS DEL FONDO DE CULTURA ECONOMICA
_v216
650 1 4 _aEVOLUCION HUMANA
700 1 _aEZCURDIA, AGUSTIN
_etr.
999 _c18142
_d18142